000 01040nac a22003257a 4500
001 BR9800180
003 BR-BrBNA
005 20240105121957.0
008 230509b bl.|||m| |||| 00| 0 por d
040 _aBR-BrBNA
_bpor
_cBiblioteca Nacional de Agricultura
072 _aH10; H20
090 _a1105 BR9800180
100 1 _aJunqueira, N.T.V.
100 1 _aCunha, M.M. da
100 1 _aOliveira, M.A.S.
100 1 _aPinto, A.C. de Q.
110 1 _aPrograma de Apoio a Producao e Exportacao de Frutas, Hortalicas, Flores e Plantas Ornamentais, Brasilia, DF (Brasil)
245 1 _aGraviola para exportacao: aspectos fitossanitarios
260 3 _aBrasilia, DF (Brasil):
_c1996.
300 _a67 p.
490 _aPublicacoes Tecnicas FRUPEX (Brazil)
_vno. 22
_xISSN 1413-375X
500 _a59 illus.
650 _aGraviola
650 _aPraga de Planta
650 _aDoenca de Planta
650 _aControle Integrado
650 _aAgrotoxico
909 _a202312
_bLúcia Elande
_c55
_dLúcia Elande
942 _2AGRIS
_n0
_cMS
999 _c288540
_d288540